[Event "IX Festival A"]
[Site "Cesenatico ITA"]
[Date "2004.09.12"]
[Round "9"]
[White "Vuelban, Virgilio"]
[Black "Brancaleoni, Maurizio"]
[Result "1/2-1/2"]
[WhiteElo "2306"]
[BlackElo "2298"]
[PlyCount "58"]
[EventDate "2004.09.04"]

1. e4 d6 2. d4 Nf6 3. Nc3 Nbd7 4. f3 e5 5. Nge2 c6 6. Be3 Qa5 7. Qd2 b5 8. Nc1
exd4 9. Bxd4 Be7 10. Nb3 Qc7 11. Nd1 Ne5 12. Ne3 O-O 13. a4 bxa4 14. Rxa4 Nh5
15. Be2 Nf4 16. Bd1 c5 17. Bc3 Bd7 18. Ra1 Bb5 19. g3 Bg5 20. h4 Ng2+ 21. Qxg2
Bxe3 22. Be2 a6 23. g4 Nc6 24. Bd2 Bxd2+ 25. Nxd2 Nb4 26. Rc1 Na2 27. Ra1 Nb4
28. Rc1 Na2 29. Rd1 Nb4 1/2-1/2

[Event "IX Festival A"]
[Site "Cesenatico ITA"]
[Date "2004.09.12"]
[Round "9"]
[White "Weinberg, Emanuele"]
[Black "Bossi, Alessandro"]
[Result "0-1"]
[WhiteElo "1952"]
[BlackElo "2053"]
[PlyCount "58"]
[EventDate "2004.09.04"]

1. d4 Nf6 2. c4 c5 3. d5 d6 4. Nc3 e6 5. e4 exd5 6. cxd5 g6 7. f4 Bg7 8. Bb5+
Nfd7 9. Bd3 O-O 10. Nf3 a6 11. a4 Nf6 12. O-O Bg4 13. Be3 Nbd7 14. h3 Bxf3 15.
Qxf3 Rc8 16. a5 c4 17. Bc2 Nc5 18. Na4 Nxa4 19. Bxa4 Nd7 20. Bxd7 Qxd7 21. Rab1
f5 22. Rfe1 fxe4 23. Qxe4 Rfe8 24. Qf3 Qb5 25. Bd2 Rxe1+ 26. Bxe1 c3 27. Qe4
Re8 28. Qc2 Re2 29. Qd1 c2 0-1

[Event "IX Festival A"]
[Site "Cesenatico ITA"]
[Date "2004.09.12"]
[Round "9"]
[White "Zimmer, Hans Werner"]
[Black "Emami, Madjid"]
[Result "0-1"]
[WhiteElo "1867"]
[BlackElo "2081"]
[PlyCount "70"]
[EventDate "2004.09.04"]

1. e4 g6 2. d4 Bg7 3. Be3 c6 4. Nc3 d5 5. e5 f6 6. f4 Nh6 7. Qd2 Ng4 8. Bd3 Na6
9. a3 Nc7 10. Nge2 Nxe3 11. Qxe3 f5 12. h4 h5 13. Kf2 e6 14. Rh2 b6 15. Rah1
Ba6 16. Bxa6 Nxa6 17. g4 hxg4 18. h5 gxh5 19. Rh4 Qe7 20. Ng3 O-O-O 21. Nxh5
Nc7 22. b4 Bf8 23. Ne2 c5 24. c3 a5 25. bxa5 bxa5 26. a4 cxd4 27. cxd4 Qa3 28.
Nc3 Bb4 29. Rc1 Kb7 30. Rhh1 Rc8 31. Rb1 Ka8 32. Rbc1 Bxc3 33. Rxc3 Qxa4 34.
Qd2 Nb5 35. Rxc8+ Rxc8 0-1

[Event "VI Open"]
[Site "Crema ITA"]
[Date "2004.09.03"]
[Round "1"]
[White "Acunzo, Domenico"]
[Black "Barberi, Alessandro"]
[Result "0-1"]
[WhiteElo "1732"]
[BlackElo "2162"]
[PlyCount "62"]
[EventDate "2004.09.03"]

1. e4 g6 2. d4 Bg7 3. c3 d6 4. f4 Nf6 5. Bd3 e5 6. Nf3 Bg4 7. O-O Nbd7 8. h3
Bxf3 9. Qxf3 O-O 10. f5 exd4 11. cxd4 c5 12. Be3 Qb6 13. dxc5 Qxb2 14. Nd2 Nxc5
15. Rab1 Qa3 16. Bc2 Nfd7 17. Nc4 Qxa2 18. Bxc5 Qxc4 19. Bxd6 Qd4+ 20. Kh1 Qxd6
21. fxg6 fxg6 22. Qb3+ Kh8 23. Qxb7 Qg3 24. Rf3 Rxf3 25. Qxa8+ Rf8 26. Qxa7 Be5
27. Qg1 Rf2 28. Ba4 Nc5 29. Bb5 Nxe4 30. Bc6 Nc3 31. Re1 Ne2 0-1

[Event "VI Open"]
[Site "Crema ITA"]
[Date "2004.09.03"]
[Round "1"]
[White "Agnelli, Francesco"]
[Black "Villalba, Fernando"]
[Result "1-0"]
[WhiteElo "2097"]
[BlackElo "1650"]
[PlyCount "67"]
[EventDate "2004.09.03"]

1. e4 c6 2. d4 d5 3. e5 Bf5 4. Nc3 e6 5. g4 Bg6 6. Nge2 Bb4 7. Nf4 Ne7 8. h4 h6
9. Bd3 Bxd3 10. Qxd3 Nd7 11. Bd2 Qa5 12. O-O O-O-O 13. a3 Bxc3 14. Bxc3 Qc7 15.
Rfe1 g5 16. hxg5 hxg5 17. Nh5 Rdg8 18. Bb4 Ng6 19. Bd6 Qd8 20. c4 Nf4 21. Qf3
Nxh5 22. cxd5 exd5 23. gxh5 Rh7 24. Rac1 Nb6 25. Qf5+ Qd7 26. Qxh7 Qg4+ 27. Kf1
Qh3+ 28. Ke2 Qg4+ 29. Kd2 Qxd4+ 30. Kc2 Qxf2+ 31. Kb1 Rd8 32. Rf1 Qd4 33. Rxf7
Nc4 34. Qf5+ 1-0

[Event "VI Open"]
[Site "Crema ITA"]
[Date "2004.09.03"]
[Round "1"]
[White "Bignami, Venanzio"]
[Black "Sartorio, Diego"]
[Result "0-1"]
[WhiteElo "1532"]
[BlackElo "1959"]
[PlyCount "62"]
[EventDate "2004.09.03"]

1. e4 e6 2. Nc3 d5 3. e5 c5 4. f4 Nc6 5. Nf3 Nh6 6. Be2 Nf5 7. O-O Be7 8. d3
Bd7 9. a3 Ncd4 10. b3 Bc6 11. Bd2 Qb6 12. Kh1 Rc8 13. Rb1 O-O 14. Nxd4 cxd4 15.
Na4 Bxa4 16. bxa4 Qc6 17. g4 Ne3 18. Bxe3 dxe3 19. Bf3 Qxc2 20. Rxb7 Bxa3 21.
Rxa7 Qxd1 22. Rxd1 Rc2 23. Re1 g6 24. Rd7 Rc1 25. Rxc1 Bxc1 26. f5 gxf5 27.
gxf5 Ra8 28. fxe6 fxe6 29. Rxd5 exd5 30. Bxd5+ Kf8 31. Bxa8 e2 0-1

[Event "VI Open"]
[Site "Crema ITA"]
[Date "2004.09.03"]
[Round "1"]
[White "Bonazzi, Edoardo"]
[Black "Ferrero, Oscar"]
[Result "1/2-1/2"]
[WhiteElo "2115"]
[BlackElo "1699"]
[PlyCount "60"]
[EventDate "2004.09.03"]

1. Nf3 g6 2. c4 c6 3. g3 Bg7 4. Bg2 d6 5. O-O Nf6 6. Nc3 O-O 7. d3 e5 8. Rb1
Re8 9. Qc2 a6 10. b4 d5 11. cxd5 cxd5 12. Bg5 Qd6 13. d4 e4 14. Bf4 Qd8 15. Ne5
Ng4 16. Nxg4 Bxg4 17. Qb3 Be6 18. b5 g5 19. Be3 axb5 20. Qxb5 Nc6 21. Qxb7 Nxd4
22. Rfd1 Nf5 23. Nxd5 Nxe3 24. Nxe3 Qc8 25. Bxe4 Qxb7 26. Rxb7 Rxa2 27. Bf3 Rb2
28. Rxb2 Bxb2 29. Bg4 Bxg4 30. Nxg4 Rxe2 1/2-1/2

[Event "VI Open"]
[Site "Crema ITA"]
[Date "2004.09.03"]
[Round "1"]
[White "Bozuffi, Italo"]
[Black "Cocozza, Mario"]
[Result "0-1"]
[WhiteElo "1739"]
[BlackElo "2338"]
[PlyCount "48"]
[EventDate "2004.09.03"]

1. f4 Nf6 2. Nf3 g6 3. e3 Bg7 4. d4 c5 5. c3 b6 6. Be2 Bb7 7. O-O O-O 8. Ng5 e6
9. Bf3 d5 10. b4 Qc7 11. bxc5 bxc5 12. a4 Rd8 13. Bd2 Nc6 14. Bc1 Ne4 15. Bxe4
dxe4 16. Qc2 Ba6 17. Re1 Bd3 18. Qf2 h6 19. Nh3 cxd4 20. cxd4 Nxd4 21. Bd2 Nc2
22. Ra2 Nxe1 23. Qxe1 Qc4 24. Nf2 Qxa2 0-1

[Event "VI Open"]
[Site "Crema ITA"]
[Date "2004.09.03"]
[Round "1"]
[White "Braghetta, Sergio"]
[Black "Raffaldi, Fabrizio"]
[Result "1-0"]
[WhiteElo "2289"]
[BlackElo "1736"]
[PlyCount "53"]
[EventDate "2004.09.03"]

1. e4 c5 2. Nf3 d6 3. d4 cxd4 4. Nxd4 Nf6 5. Nc3 g6 6. Be3 Bg7 7. f3 O-O 8. Qd2
Nc6 9. Bc4 Bd7 10. h4 Rc8 11. Bb3 Nxd4 12. Bxd4 b5 13. h5 a5 14. hxg6 hxg6 15.
a4 bxa4 16. Nxa4 Bxa4 17. Rxa4 d5 18. exd5 Qd6 19. Qg5 Rc5 20. Bxc5 Qxc5 21.
Qd2 Ra8 22. Qf2 Qd6 23. O-O Nh5 24. c3 Be5 25. f4 Bf6 26. g4 Ng7 27. g5 1-0

[Event "VI Open"]
[Site "Crema ITA"]
[Date "2004.09.03"]
[Round "1"]
[White "Calisi, Elia"]
[Black "Pezzotta, Gianni"]
[Result "1-0"]
[WhiteElo "1802"]
[BlackElo "1438"]
[PlyCount "77"]
[EventDate "2004.09.03"]

1. c4 f5 2. Nc3 Nf6 3. d4 d6 4. Nf3 g6 5. g3 Bg7 6. Bg2 O-O 7. O-O c6 8. Bg5 h6
9. Bd2 Kh7 10. Qc2 Bd7 11. Rad1 Qe8 12. Rfe1 Na6 13. a3 Nc7 14. e4 Qf7 15. e5
Nfe8 16. b3 Ne6 17. d5 Nc5 18. e6 Nxe6 19. dxe6 Bxe6 20. Ne2 Bd7 21. h4 Nf6 22.
Nf4 Kh8 23. Rxe7 Qg8 24. Nxg6+ Kh7 25. Nxf8+ Qxf8 26. Rde1 Re8 27. Rxe8 Nxe8
28. Bc3 Bxc3 29. Qxc3 f4 30. Nh2 fxg3 31. Qxg3 Nf6 32. Be4+ Nxe4 33. Rxe4 d5
34. cxd5 cxd5 35. Rf4 Qe8 36. Ng4 Kh8 37. Nf6 Qe1+ 38. Kg2 Be6 39. Qg6 1-0

[Event "VI Open"]
[Site "Crema ITA"]
[Date "2004.09.03"]
[Round "1"]
[White "Cammarota, Vittorio"]
[Black "Annoni, Riccardo"]
[Result "1/2-1/2"]
[WhiteElo "1625"]
[BlackElo "2086"]
[PlyCount "42"]
[EventDate "2004.09.03"]

1. d4 d5 2. Nf3 Nf6 3. e3 g6 4. Nbd2 Bg7 5. c3 Ne4 6. Qc2 f5 7. c4 e6 8. b3 O-O
9. Bb2 Nd7 10. Rc1 c6 11. g3 g5 12. Bg2 g4 13. Ne5 Nxe5 14. dxe5 Bd7 15. Nxe4
fxe4 16. h3 gxh3 17. Bxh3 Qc7 18. cxd5 exd5 19. Bxd7 Qxd7 20. f4 Qg4 21. Qg2
Rf7 1/2-1/2

[Event "VI Open"]
[Site "Crema ITA"]
[Date "2004.09.03"]
[Round "1"]
[White "Carini, Luca"]
[Black "Faraoni, Enrico"]
[Result "0-1"]
[WhiteElo "1625"]
[BlackElo "2178"]
[PlyCount "56"]
[EventDate "2004.09.03"]

1. d4 Nf6 2. c4 g6 3. Nc3 Bg7 4. e4 d6 5. f3 O-O 6. Be3 Nc6 7. Nge2 a6 8. a4
Re8 9. Qd2 Rb8 10. Ng3 e5 11. d5 Nd4 12. Rb1 Bd7 13. Nge2 c5 14. dxc6 Bxc6 15.
b4 b5 16. axb5 axb5 17. Nxb5 Nxe4 18. fxe4 Bxe4 19. Rb2 Ra8 20. Nexd4 exd4 21.
Nxd4 Ra1+ 22. Ke2 f5 23. Kf2 f4 24. Bxf4 g5 25. Bxg5 Bxd4+ 26. Qxd4 Qxg5 27.
Rg1 Qf4+ 28. Ke2 Bg6+ 0-1

[Event "VI Open"]
[Site "Crema ITA"]
[Date "2004.09.03"]
[Round "1"]
[White "Conca, Mauro"]
[Black "Panizzi, Giuseppe"]
[Result "0-1"]
[WhiteElo "1646"]
[BlackElo "2091"]
[PlyCount "56"]
[EventDate "2004.09.03"]

1. d4 Nf6 2. Nf3 d5 3. c4 c6 4. e3 Nbd7 5. Nbd2 e6 6. Bd3 Bd6 7. Qc2 O-O 8. O-O
Re8 9. Re1 e5 10. dxe5 Nxe5 11. Nxe5 Bxe5 12. Nf3 Bd6 13. c5 Bc7 14. b4 Bg4 15.
Nd4 Ne4 16. f3 Bxh2+ 17. Kxh2 Qh4+ 18. Kg1 Qxe1+ 19. Kh2 Bd7 20. fxe4 dxe4 21.
Bc4 Re5 22. Bxf7+ Kxf7 23. Qc4+ Kg6 24. Qe2 Rh5+ 25. Qxh5+ Kxh5 26. a3 Rf8 27.
Bb2 Qh4+ 28. Kg1 Qf2+ 0-1

[Event "VI Open"]
[Site "Crema ITA"]
[Date "2004.09.03"]
[Round "1"]
[White "Corti, Massimo"]
[Black "Boninsegna, Ferdinando"]
[Result "1-0"]
[WhiteElo "1997"]
[BlackElo "1571"]
[PlyCount "75"]
[EventDate "2004.09.03"]

1. Nf3 Nf6 2. c4 e6 3. Nc3 Bb4 4. Qc2 O-O 5. a3 Bxc3 6. Qxc3 c5 7. d4 d6 8. Bg5
Nbd7 9. e3 b6 10. Be2 Bb7 11. O-O Qc7 12. Nd2 h6 13. Bh4 Rfe8 14. f3 Rac8 15.
Rfe1 cxd4 16. exd4 d5 17. Bg3 Qc6 18. Qb3 a6 19. a4 Nh5 20. Bf2 Nf4 21. Bf1
dxc4 22. Bxc4 g5 23. Be3 Nd5 24. Bf2 N7f6 25. Bd3 Nf4 26. Bb1 Kh8 27. Ra3 Rg8
28. Ne4 Nxe4 29. fxe4 f5 30. d5 exd5 31. Bd4+ Rg7 32. exf5 Kg8 33. Qe3 Rf7 34.
Qe5 Qf6 35. Qxf6 Rxf6 36. Bxf6 d4 37. Ba2+ Kf8 38. Bxd4 1-0

[Event "VI Open"]
[Site "Crema ITA"]
[Date "2004.09.03"]
[Round "1"]
[White "Ficco, Corrado"]
[Black "Biava, Pierluigi"]
[Result "1/2-1/2"]
[WhiteElo "2145"]
[BlackElo "1706"]
[PlyCount "143"]
[EventDate "2004.09.03"]

1. e4 e6 2. d4 d5 3. Nc3 Bb4 4. e5 Nc6 5. Qg4 Bf8 6. h4 h5 7. Qd1 b6 8. Be2 g6
9. Bg5 Qd7 10. g4 hxg4 11. Bxg4 Nh6 12. Bf6 Rg8 13. Nh3 Be7 14. Bg5 Nxg4 15.
Qxg4 Bb7 16. O-O-O O-O-O 17. Bxe7 Nxe7 18. Ng5 Nf5 19. Nh7 Rh8 20. Nf6 Qe7 21.
h5 gxh5 22. Rxh5 Rxh5 23. Qxh5 Kb8 24. Kb1 c5 25. dxc5 bxc5 26. Ncxd5 exd5 27.
Qxf5 d4 28. Ne4 Bc8 29. Qf6 Qxf6 30. Nxf6 Bf5 31. Kc1 Kc7 32. b3 Kc6 33. f4 Rh8
34. Rd2 Rh1+ 35. Kb2 Rf1 36. Ne8 Rxf4 37. Nd6 Be6 38. c3 Kd5 39. cxd4 Rxd4 40.
Rf2 Kxe5 41. Nxf7+ Kd5 42. Ng5 Bg4 43. Nh7 Ke5 44. Nf6 Bf5 45. Nh5 Bg4 46. Ng3
Rf4 47. Rxf4 Kxf4 48. Nf1 Be2 49. Nd2 Ke3 50. Kc3 Bb5 51. Nc4+ Kf4 52. Nd6 Ba6
53. Ne8 Ke5 54. Nc7 Be2 55. Kb2 Kd6 56. Ne8+ Kc6 57. Nf6 Bf3 58. Kc3 Be2 59.
Ne4 Ba6 60. Nd2 Be2 61. Kb2 Kd5 62. Nb1 Kd4 63. Nc3 Ba6 64. Na4 Be2 65. Ka3 Ba6
66. Nb2 Bb5 67. Nd1 Be2 68. Nf2 Bb5 69. Kb2 Ba6 70. Nd1 Be2 71. Nc3 Ba6 72. a4
1/2-1/2

[Event "VI Open"]
[Site "Crema ITA"]
[Date "2004.09.03"]
[Round "1"]
[White "Folcini, Gaddo"]
[Black "Santandrea, Marco"]
[Result "0-1"]
[WhiteElo "1400"]
[BlackElo "1775"]
[PlyCount "100"]
[EventDate "2004.09.03"]

1. d4 f5 2. Nf3 Nf6 3. Bg5 e6 4. Bxf6 Qxf6 5. e3 b6 6. Bb5 Bb7 7. O-O Nc6 8.
Bxc6 Bxc6 9. Ne5 Bb7 10. Qd3 Bd6 11. Rd1 O-O-O 12. Nc3 Bxe5 13. dxe5 Qxe5 14.
Nb5 a6 15. Nc3 g5 16. a4 h5 17. a5 b5 18. Qe2 g4 19. Na2 Qe4 20. Qf1 h4 21. Rd4
Qc6 22. c4 h3 23. cxb5 hxg2 24. bxc6 gxf1=Q+ 25. Rxf1 Bxc6 26. Rc1 Bb5 27. Nc3
Kb7 28. Nxb5 axb5 29. Ra1 d5 30. Rc1 Rd7 31. Rd2 Rdh7 32. Rdc2 Rc8 33. Rc5 c6
34. b4 e5 35. Kg2 Rch8 36. Rxc6 Rxh2+ 37. Kf1 Rh1+ 38. Ke2 Rxc1 39. Rxc1 Rh2
40. Rc5 g3 41. Rxb5+ Ka7 42. Rxd5 Rxf2+ 43. Kd1 Rf3 44. Rxe5 g2 45. Re7+ Ka6
46. Re6+ Kb5 47. Rg6 Rf1+ 48. Ke2 g1=Q 49. Rxg1 Rxg1 50. Kd3 Kxb4 0-1

[Event "VI Open"]
[Site "Crema ITA"]
[Date "2004.09.03"]
[Round "1"]
[White "Gromovs, Sergejs"]
[Black "Saccani, Ettore"]
[Result "1-0"]
[WhiteElo "2341"]
[BlackElo "1739"]
[PlyCount "35"]
[EventDate "2004.09.03"]

1. d4 Nf6 2. Nf3 e6 3. c4 d5 4. Nc3 Be7 5. Bf4 O-O 6. e3 c6 7. Qc2 Nbd7 8. h3
h6 9. a3 Qa5 10. Bd3 dxc4 11. Bxc4 Nd5 12. Bg3 N7f6 13. O-O Bd7 14. Ne5 Rac8
15. Rfd1 Rfd8 16. b4 Nxb4 17. axb4 Qxb4 18. Rdb1 1-0

[Event "VI Open"]
[Site "Crema ITA"]
[Date "2004.09.03"]
[Round "1"]
[White "Gualtieri, Primo"]
[Black "Bonugli, Carlo"]
[Result "0-1"]
[WhiteElo "1574"]
[BlackElo "2046"]
[PlyCount "54"]
[EventDate "2004.09.03"]

1. e4 e6 2. d4 d5 3. e5 c5 4. c3 Nc6 5. Nf3 Bd7 6. Bd3 Rc8 7. O-O cxd4 8. cxd4
Nb4 9. Nc3 Nxd3 10. Qxd3 Qb6 11. a3 a5 12. Re1 Ne7 13. Re2 Nf5 14. Rc2 Rc4 15.
Be3 Be7 16. Nd2 Rc6 17. Nf1 O-O 18. g4 Nxe3 19. Nxe3 f6 20. Ne2 fxe5 21. dxe5
Rxc2 22. Qxc2 Bh4 23. Ng3 Bc6 24. Rb1 d4 25. Nd1 Qb5 26. Qe2 Qd5 27. Ne4 Qxe4
0-1

[Event "VI Open"]
[Site "Crema ITA"]
[Date "2004.09.03"]
[Round "1"]
[White "Mansueti, Marco"]
[Black "Castrogiovanni, Carlo"]
[Result "0-1"]
[WhiteElo "1694"]
[BlackElo "2109"]
[PlyCount "92"]
[EventDate "2004.09.03"]

1. e4 c5 2. Nf3 a6 3. d4 cxd4 4. Nxd4 Nf6 5. Nc3 e5 6. Nf3 Bb4 7. Qd3 d5 8.
Nxe5 O-O 9. Bd2 Qe7 10. f4 dxe4 11. Nxe4 Nxe4 12. Qxe4 Bxd2+ 13. Kxd2 Re8 14.
Bd3 g6 15. Rae1 Bf5 16. Qf3 Qb4+ 17. Kc1 Be6 18. a3 Qb6 19. h4 Nc6 20. Nxc6
bxc6 21. h5 Rab8 22. b3 Qc5 23. b4 Qc3 24. Be4 Qa1+ 25. Kd2 Rbd8+ 26. Ke2 Qd4
27. Qe3 Bc4+ 28. Kf2 Rxe4 29. Qxd4 Rexd4 30. hxg6 hxg6 31. g3 Rd2+ 32. Ke3 Rxc2
33. Rc1 Rxc1 34. Rxc1 Bb5 35. Rc3 f5 36. Kf3 Kf7 37. g4 Rd3+ 38. Rxd3 Bxd3 39.
gxf5 Bxf5 40. Ke3 Ke6 41. Kd4 Kd6 42. Kc4 Bh3 43. Kd4 Bf1 44. a4 Be2 45. Ke3
Bd1 46. a5 Kd5 0-1

[Event "VI Open"]
[Site "Crema ITA"]
[Date "2004.09.03"]
[Round "1"]
[White "Milan, Paolo"]
[Black "Miladinovic, Igor"]
[Result "0-1"]
[WhiteElo "1757"]
[BlackElo "2630"]
[PlyCount "60"]
[EventDate "2004.09.03"]

1. e4 c5 2. Nf3 Nc6 3. d4 cxd4 4. Nxd4 Qc7 5. Be3 e6 6. Be2 Nf6 7. Bf3 Ne5 8.
O-O a6 9. Bh5 Bc5 10. Nc3 Nc4 11. Rb1 Nxe3 12. fxe3 Qe5 13. Bf3 h5 14. Qe2 b5
15. Rbd1 Bb7 16. b4 Bxb4 17. Rd3 Rc8 18. Nb1 h4 19. c3 Bd6 20. Kf2 b4 21. Qc2
Bxe4 22. Bxe4 Nxe4+ 23. Ke1 Qxh2 24. Nf3 Qg3+ 25. Kd1 h3 26. gxh3 Qxh3 27. Nbd2
Nxc3+ 28. Ke1 Bg3+ 29. Rf2 Bxf2+ 30. Kxf2 Ne4+ 0-1

[Event "VI Open"]
[Site "Crema ITA"]
[Date "2004.09.03"]
[Round "1"]
[White "Murgia, Andrea"]
[Black "Vetturi, Pietro"]
[Result "1-0"]
[WhiteElo "2107"]
[BlackElo "1691"]
[PlyCount "91"]
[EventDate "2004.09.03"]

1. e4 c5 2. c3 d6 3. d4 cxd4 4. cxd4 Nf6 5. Nc3 a6 6. Nf3 e6 7. Bd3 Be7 8. O-O
O-O 9. Bg5 Nbd7 10. e5 Ne8 11. Bxe7 Qxe7 12. Ne4 h6 13. Rc1 b5 14. Bb1 Bb7 15.
Qd3 g6 16. Rc3 dxe5 17. dxe5 Nb6 18. Qe3 Nd5 19. Qxh6 Nxc3 20. bxc3 f6 21.
Qxg6+ Qg7 22. Qh5 Rc8 23. Re1 Rd8 24. exf6 Nxf6 25. Nxf6+ Rxf6 26. Ng5 Rh6 27.
Qg4 Bd5 28. f4 Rf8 29. Re5 Bc4 30. h4 Kh8 31. Kh2 Bd5 32. g3 Qe7 33. Nh3 Rg8
34. Rg5 Rg7 35. Qe2 Qb7 36. Rh5 Rhh7 37. Rxh7+ Rxh7 38. Bxh7 Qxh7 39. Qe5+ Qg7
40. Qh5+ Qh7 41. Qxh7+ Kxh7 42. a3 Kg6 43. g4 Be4 44. Kg3 Kf6 45. h5 e5 46. g5+
1-0

[Event "VI Open"]
[Site "Crema ITA"]
[Date "2004.09.03"]
[Round "1"]
[White "Mussap, Angelo"]
[Black "Christen, Peter Walter"]
[Result "1-0"]
[WhiteElo "1922"]
[BlackElo "1487"]
[PlyCount "38"]
[EventDate "2004.09.03"]

1. c4 e6 2. Nf3 Nf6 3. Nc3 d5 4. e3 b6 5. Be2 Bb7 6. O-O Bb4 7. Qa4+ Nc6 8.
cxd5 Nxd5 9. Bb5 Qd6 10. Ne4 Qd7 11. Ne5 Nxe5 12. Bxd7+ Nxd7 13. Ng5 Be7 14.
Nxf7 O-O 15. Qxd7 Rxf7 16. Qxe6 Kf8 17. d4 Re8 18. Bd2 Bb4 19. Bxb4+ Nxb4 1-0

[Event "VI Open"]
[Site "Crema ITA"]
[Date "2004.09.03"]
[Round "1"]
[White "Pampaluna, Enrico"]
[Black "Distratis, Gianluca"]
[Result "0-1"]
[WhiteElo "1440"]
[BlackElo "1814"]
[PlyCount "92"]
[EventDate "2004.09.03"]

1. e4 d5 2. exd5 Nf6 3. c4 e6 4. dxe6 Bxe6 5. Nf3 Nc6 6. g3 Bc5 7. Nc3 Ng4 8.
Ne4 Qe7 9. Nxc5 Qxc5 10. d4 Qe7 11. Qe2 O-O-O 12. d5 Rhe8 13. dxe6 Qb4+ 14. Bd2
Qxb2 15. Rd1 Rxe6 16. Be3 Qc3+ 17. Rd2 Nxe3 18. Bh3 Qc1+ 19. Qd1 Nc2+ 20. Kf1
Qxd1+ 21. Rxd1 Rxd1+ 22. Kg2 Rxh1 23. Kxh1 Kd8 24. Bxe6 fxe6 25. Ng5 N2d4 26.
Nxh7 Ne5 27. c5 Ndf3 28. Nf8 Ke7 29. Nh7 Kf7 30. h4 Kg8 31. Ng5 Nxg5 32. hxg5
Nd3 33. c6 b5 34. f4 a5 35. Kg1 b4 36. Kf1 a4 37. Ke2 Nc1+ 38. Kd2 Nxa2 39. Kc2
Kf7 40. Kb2 Nc3 41. g4 g6 42. Kc2 a3 43. Kb3 a2 44. Kb2 b3 45. Ka1 Ne2 46. Kb2
Nxf4 0-1

[Event "VI Open"]
[Site "Crema ITA"]
[Date "2004.09.03"]
[Round "1"]
[White "Pelagatti, Alessandro"]
[Black "Milanesi, Erminio"]
[Result "1-0"]
[WhiteElo "2087"]
[BlackElo "1634"]
[PlyCount "43"]
[EventDate "2004.09.03"]

1. d4 g6 2. Nf3 Nh6 3. c4 f6 4. Nc3 Nf7 5. h4 d6 6. Qc2 Bg7 7. e4 e5 8. Be3 c6
9. O-O-O Qc7 10. dxe5 dxe5 11. Nd2 Be6 12. c5 b5 13. cxb6 axb6 14. Bc4 Bxc4 15.
Nxc4 c5 16. Nb5 Qc6 17. Nbd6+ Nxd6 18. Rxd6 Qa4 19. Nxb6 Qxc2+ 20. Kxc2 Rxa2
21. Bxc5 O-O 22. Ba3 1-0

[Event "VI Open"]
[Site "Crema ITA"]
[Date "2004.09.03"]
[Round "1"]
[White "Riva, Carlo"]
[Black "Martino, Antonio M."]
[Result "0-1"]
[WhiteElo "1676"]
[BlackElo "2101"]
[PlyCount "48"]
[EventDate "2004.09.03"]

1. e4 c5 2. Nf3 d6 3. d4 cxd4 4. Qxd4 Nc6 5. Bb5 Bd7 6. Bxc6 Bxc6 7. Nc3 Nf6 8.
Bg5 e6 9. O-O-O Be7 10. Rhe1 Qc7 11. Qd3 O-O 12. Bxf6 Bxf6 13. Qxd6 Qa5 14. Qd3
Rad8 15. Qe3 Bxc3 16. Qxc3 Qxa2 17. Qa3 Qc4 18. Rxd8 Rxd8 19. Ne5 Qd4 20. Qd3
Qb6 21. Qe3 Qa5 22. Kb1 Qxe5 23. Qxa7 Qd4 24. Qa5 Qd2 0-1

[Event "VI Open"]
[Site "Crema ITA"]
[Date "2004.09.03"]
[Round "1"]
[White "Rizzi, Pietro"]
[Black "Bettini, Massimo"]
[Result "0-1"]
[WhiteElo "1450"]
[BlackElo "1829"]
[PlyCount "52"]
[EventDate "2004.09.03"]

1. e4 e5 2. Nf3 Nc6 3. Bb5 f5 4. d3 fxe4 5. dxe4 Nf6 6. Bg5 Bc5 7. Qe2 d6 8. c3
O-O 9. Nbd2 Kh8 10. b4 Bb6 11. Nc4 Bg4 12. Nxb6 axb6 13. a4 Qe8 14. a5 Qg6 15.
Bxf6 Rxf6 16. Rd1 Bxf3 17. gxf3 bxa5 18. Bxc6 bxc6 19. Qc4 axb4 20. Qxc6 Raf8
21. Ra1 Qg2 22. Rf1 bxc3 23. Ra8 Qxf3 24. Ra3 Rf4 25. Rxc3 Rxe4+ 26. Kd2 Qe2+
0-1

[Event "VI Open"]
[Site "Crema ITA"]
[Date "2004.09.03"]
[Round "1"]
[White "Vecchia, Mario"]
[Black "Abbiati, Gianluigi"]
[Result "1-0"]
[WhiteElo "2073"]
[BlackElo "1593"]
[PlyCount "79"]
[EventDate "2004.09.03"]

1. e4 c5 2. Nf3 d6 3. c3 Nf6 4. Be2 e6 5. O-O Be7 6. Re1 O-O 7. d3 b6 8. Nbd2
Bb7 9. Nf1 Nbd7 10. b3 b5 11. h3 a6 12. N3h2 d5 13. Bf3 Qc7 14. Qe2 Bd6 15. Ng4
Be5 16. Nxe5 Nxe5 17. Ng3 Nxf3+ 18. Qxf3 dxe4 19. dxe4 Rad8 20. Bg5 Qe5 21. Bf4
Bxe4 22. Bxe5 Bxf3 23. Bxf6 gxf6 24. gxf3 Rd3 25. Re3 c4 26. Rxd3 cxd3 27. Rd1
Rd8 28. Ne4 f5 29. Nc5 d2 30. Kf1 a5 31. Ke2 Rc8 32. b4 axb4 33. cxb4 Ra8 34.
Rxd2 e5 35. Kf1 Kg7 36. Nb7 Ra4 37. Rb2 Ra3 38. Nd6 Rxf3 39. Kg2 e4 40. Nxb5
1-0

[Event "VI Open"]
[Site "Crema ITA"]
[Date "2004.09.03"]
[Round "2"]
[White "Abbiati, Gianluigi"]
[Black "Gualtieri, Primo"]
[Result "0-1"]
[WhiteElo "1593"]
[BlackElo "1574"]
[PlyCount "84"]
[EventDate "2004.09.03"]

1. e4 c5 2. Nf3 Nc6 3. d4 cxd4 4. Nxd4 Nf6 5. Nc3 e5 6. Nf3 Bb4 7. Bd2 Bxc3 8.
Bxc3 Nxe4 9. Qd3 Nxc3 10. Qxc3 O-O 11. Be2 Re8 12. O-O d5 13. Bb5 Qd6 14. Rfe1
e4 15. Nd4 Bd7 16. Rad1 Rac8 17. Bxc6 bxc6 18. Re3 c5 19. Rg3 cxd4 20. Qxd4 Qe5
21. Qxa7 Be6 22. c3 Ra8 23. Qc5 Rxa2 24. Rb1 Rea8 25. Rf1 Ra1 26. Qc6 Rxf1+ 27.
Kxf1 Qb8 28. c4 Qc8 29. Qxc8+ Rxc8 30. cxd5 Bxd5 31. Rg5 Bb7 32. Ke1 f6 33. Rb5
Ba6 34. Rb6 Bd3 35. Kd2 Rc2+ 36. Ke3 Re2+ 37. Kd4 Rxf2 38. Kd5 Kf7 39. h4 h5
40. g4 hxg4 41. h5 Rf5+ 42. Kd6 Rxh5 0-1

[Event "VI Open"]
[Site "Crema ITA"]
[Date "2004.09.03"]
[Round "2"]
[White "Annoni, Riccardo"]
[Black "Bonazzi, Edoardo"]
[Result "1/2-1/2"]
[WhiteElo "2086"]
[BlackElo "2115"]
[PlyCount "53"]
[EventDate "2004.09.03"]

1. e4 c6 2. d4 d5 3. exd5 cxd5 4. Bd3 Nc6 5. c3 Nf6 6. h3 e5 7. dxe5 Nxe5 8.
Qe2 Qe7 9. Bc2 g6 10. Bf4 Nc6 11. Qxe7+ Bxe7 12. Nf3 O-O 13. O-O Bc5 14. Nbd2
Be6 15. Nb3 Bb6 16. Rad1 Rad8 17. Bg5 Kg7 18. Nbd4 Rfe8 19. Rd2 h6 20. Bxf6+
Kxf6 21. Rfd1 Re7 22. b4 Nxd4 23. Nxd4 Rc7 24. Bb3 Rxc3 25. Rd3 Rdc8 26. Kf1
Ke7 27. Ke2 1/2-1/2

[Event "VI Open"]
[Site "Crema ITA"]
[Date "2004.09.03"]
[Round "2"]
[White "Barberi, Alessandro"]
[Black "Mussap, Angelo"]
[Result "0-1"]
[WhiteElo "2162"]
[BlackElo "1922"]
[PlyCount "101"]
[EventDate "2004.09.03"]

1. d4 d5 2. c4 dxc4 3. Nc3 c6 4. a4 b6 5. e4 Ba6 6. Bf4 e6 7. Nf3 Bb4 8. Be2
Nf6 9. Qc2 h6 10. O-O O-O 11. Rfd1 Nbd7 12. Na2 Be7 13. Ne5 Rc8 14. Bxc4 Bb7
15. Nxf7 Kxf7 16. Bxe6+ Kxe6 17. Qb3+ Nd5 18. exd5+ cxd5 19. Re1+ Kf7 20. Qe3
Rc6 21. Rac1 Rxc1 22. Qe6+ Ke8 23. Qg6+ Rf7 24. Nxc1 Kf8 25. Nd3 Rf6 26. Qh7
Ba6 27. Ne5 Nxe5 28. Bxe5 Qd7 29. b3 Kf7 30. Bxf6 Bxf6 31. Rd1 Be2 32. Rd2 Qe6
33. Qc2 Bh5 34. h3 Bg6 35. Qc7+ Qe7 36. Qxe7+ Kxe7 37. g3 Kd7 38. f4 Kc6 39.
Kf2 b5 40. Ke3 Be4 41. h4 Bf5 42. Rd1 Be7 43. Rc1+ Kb6 44. axb5 Bd7 45. Rc3 Bd6
46. Rc1 Kxb5 47. Ra1 a5 48. Ra4 Bb4 49. Kf3 h5 50. Ke3 Bf5 51. Ra1 0-1

[Event "VI Open"]
[Site "Crema ITA"]
[Date "2004.09.03"]
[Round "2"]
[White "Bettini, Massimo"]
[Black "Murgia, Andrea"]
[Result "0-1"]
[WhiteElo "1829"]
[BlackElo "2107"]
[PlyCount "68"]
[EventDate "2004.09.03"]

1. e4 e5 2. f4 exf4 3. Nf3 g5 4. Bc4 Bg7 5. d4 d6 6. O-O h6 7. c3 Ne7 8. g3 Bh3
9. Rf2 Ng6 10. Qb3 O-O 11. Qxb7 Nd7 12. Qb3 g4 13. Ne1 Rb8 14. Qc2 Nb6 15. Bb3
c5 16. Qd3 Qe7 17. Bxf4 c4 18. Bxc4 d5 19. Bb3 dxe4 20. Qe3 Nxf4 21. Rxf4 Rbe8
22. Nd2 h5 23. Rxe4 Qd7 24. Qg5 Qc6 25. d5 Qc5+ 26. Rd4 Re5 27. Qf4 Re2 28. Nd3
Bxd4+ 29. cxd4 Qe7 30. Ne5 Kg7 31. Ne4 f6 32. d6 Qb7 33. d5 Nxd5 34. Qf5 Qb6+
0-1